| 000 -LEADER |
| fixed length control field |
00524nam a2200157Ia 4500 |
| 003 - CONTROL NUMBER IDENTIFIER |
| control field |
OSt |
| 005 - DATE AND TIME OF LATEST TRANSACTION |
| control field |
20260304160927.0 |
| 008 - FIXED-LENGTH DATA ELEMENTS--GENERAL INFORMATION |
| fixed length control field |
260210s9999 xx 000 0 und d |
| 020 ## - INTERNATIONAL STANDARD BOOK NUMBER |
| International Standard Book Number |
9781864703030 |
| 100 ## - MAIN ENTRY--PERSONAL NAME |
| Personal name |
Images |
| 245 #0 - TITLE STATEMENT |
| Title |
Dougherty + Dougherty Architects LLP: Intersections: Architecture and Social Responsibility |
| 250 ## - EDITION STATEMENT |
| Edition statement |
Editors at Images Publishing (Betsy Dougherty & Brian Dougherty featured) |
| 260 ## - PUBLICATION, DISTRIBUTION, ETC. (IMPRINT) |
| Name of publisher, distributor, etc |
Images Publishing / ACC Group 124, illustrated. |
| Date of publication, distribution, etc |
2008 |
| 300 ## - PHYSICAL DESCRIPTION |
| Extent |
124pgs.; |
| 942 ## - ADDED ENTRY ELEMENTS (KOHA) |
| Item type |
UG Books |
| Source of classification or shelving scheme |
|